[Event "NRW Class2 0304"]
[Site "Germany"]
[Date "2003.10.12"]
[Round "2.5"]
[White "Kramm, Olaf"]
[Black "Kotter, Ralf"]
[Result "1-0"]
[WhiteElo "2048"]
[BlackElo "2299"]
[PlyCount "80"]
[EventDate "2003.09.28"]
[EventType "team"]
[EventRounds "9"]
[EventCountry "GER"]
[SourceTitle "CBM 098 Extra"]
[Source "ChessBase"]
[SourceDate "2004.03.10"]
[SourceVersion "2"]
[SourceVersionDate "2004.03.10"]
[SourceQuality "1"]
[WhiteTeam "Wiehl"]
[BlackTeam "Gelsenkirchen Hassel"]
[WhiteTeamCountry "GER"]
[BlackTeamCountry "GER"]

1. c4 e5 2. Nc3 Bb4 3. Nd5 Ba5 4. b4 c6 5. bxa5 cxd5 6. Qa4 d4 7. Nf3 Nc6 8. d3 Nge7 9. g3 0-0 10. Bg2 d5 11. Nd2 Be6 12. a6 bxa6 13. Ba3 a5 14. 0-0 Nb4 15. Bxb4 axb4 16. Qxb4 Rc8 17. Rfc1 dxc4 18. dxc4 Qc7 19. Rab1 Rb8 20. Qa4 Bd7 21. Qa3 Bg4 22. e3 Bf5 23. Rxb8 Rxb8 24. exd4 exd4 25. Re1 Be6 26. Qa4 h5 27. Be4 Rd8 28. Qb5 g6 29. Qg5 Nf5 30. Bd3 Qe7 31. Qg4 Qd6 32. Qf3 Qb4 33. Re2 Qf8 34. Ne4 Qh6 35. Rc2 Rb8 36. c5 h4 37. g4 Rb1+ 38. Bf1 Qg7 39. h3 Bd5 40. c6 Qe5 1-0

[Event "Oberliga NRW 0203 I"]
[Site "Germany"]
[Date "2003.02.16"]
[Round "6.7"]
[White "Fuchs, Thomas"]
[Black "Kramm, Olaf"]
[Result "1/2-1/2"]
[WhiteElo "2023"]
[BlackElo "1999"]
[PlyCount "123"]
[EventDate "2002.10.06"]
[EventType "team"]
[EventRounds "9"]
[EventCountry "GER"]
[SourceTitle "EXT 2004"]
[Source "ChessBase"]
[SourceDate "2003.11.25"]
[SourceVersion "1"]
[SourceVersionDate "2003.11.25"]
[SourceQuality "1"]
[WhiteTeam "Elberfeld"]
[BlackTeam "Wiehl"]
[WhiteTeamCountry "GER"]
[BlackTeamCountry "GER"]

1. e4 g6 2. d4 Bg7 3. Nc3 c6 4. Bc4 d6 5. Qe2 Nd7 6. f4 b5 7. Bb3 Bxd4 8. Nf3 Bg7 9. e5 Nc5 10. Be3 Nxb3 11. axb3 Nh6 12. 0-0 0-0 13. Bxa7 Bg4 14. Bf2 Qc7 15. exd6 exd6 16. h3 Rae8 17. Qd1 Bxf3 18. Qxf3 Nf5 19. Ra7 Qc8 20. Rd1 b4 21. Ne4 Qe6 22. Ng3 Nxg3 23. Qxg3 Qe2 24. Qd3 Bxb2 25. Ra2 Bc3 26. Qxe2 Rxe2 27. Rxd6 Rc8 28. Bd4 Rd2 29. Bc5 Rxd6 30. Bxd6 Rd8 31. Bc5 Rd2 32. Kf1 Kg7 33. Be3 Rd6 34. Ra6 Kf6 35. Ke2 Ke6 36. Kf3 Kd5 37. Ra7 Ke6 38. g4 Rd1 39. f5+ gxf5 40. gxf5+ Kf6 41. Kg4 Re1 42. Bg5+ Kg7 43. Rc7 h6 44. Bh4 Re4+ 45. Kh5 Rf4 46. Rxc6 Rxf5+ 47. Kg4 Rd5 48. Be7 f6 49. Rc4 Rb5 50. Rc5 Rb7 51. Bd6 Kg6 52. h4 Bd4 53. h5+ Kf7 54. Rc7+ Rxc7 55. Bxc7 Ke6 56. Bf4 f5+ 57. Kf3 Bg7 58. Ke3 Kd5 59. Kd3 Bf8 60. Ke3 Bc5+ 61. Kd3 Bf8 62. Ke3 1/2-1/2

[Event "Oberliga NRW 0203 I"]
[Site "Germany"]
[Date "2003.01.19"]
[Round "5.7"]
[White "Kramm, Olaf"]
[Black "Himmel, Hansjoerg"]
[Result "0-1"]
[WhiteElo "1999"]
[BlackElo "2238"]
[PlyCount "148"]
[EventDate "2002.10.06"]
[EventType "team"]
[EventRounds "9"]
[EventCountry "GER"]
[SourceTitle "EXT 2004"]
[Source "ChessBase"]
[SourceDate "2003.11.25"]
[SourceVersion "1"]
[SourceVersionDate "2003.11.25"]
[SourceQuality "1"]
[WhiteTeam "Wiehl"]
[BlackTeam "Dortmund Hansa"]
[WhiteTeamCountry "GER"]
[BlackTeamCountry "GER"]

1. c4 e5 2. Nc3 Bb4 3. Nd5 a5 4. a3 Bc5 5. e3 Nf6 6. g3 0-0 7. Bg2 Nxd5 8. cxd5 d6 9. h3 Bf5 10. d3 Re8 11. Ne2 c6 12. Nc3 Qc8 13. e4 Bd7 14. Qh5 Na6 15. 0-0 Qd8 16. Kh2 Nc7 17. f4 f6 18. f5 Rf8 19. g4 h6 20. g5 fxg5 21. h4 gxh4 22. Bxh6 Ne8 23. Bg5 Nf6 24. Qxh4 Kf7 25. Bh3 Qe7 26. Qg3 Rh8 27. Kg2 Rag8 28. Rf3 Rh5 29. Raf1 Kf8 30. Nd1 Rgh8 31. Bxf6 gxf6 32. Nf2 Bxf2 33. Qxf2 cxd5 34. Rg3 dxe4 35. dxe4 Bc6 36. Qe3 Rh4 37. Bg4 Rh2+ 38. Kg1 Rh1+ 39. Kf2 R1h2+ 40. Ke1 Bb5 41. Rfg1 Qc7 42. Bd1 Qc5 43. Qxc5 dxc5 44. a4 Bc6 45. Rg6 R2h6 46. Bb3 Rxg6 47. Rxg6 Ke7 48. Rg4 Kd6 49. Kd2 c4 50. Bxc4 Bxa4 51. Rg6 Rf8 52. b3 Bc6 53. Ke3 b5 54. Be6 Kc5 55. Rg1 b4 56. Rc1+ Kb6 57. Bd5 Bb5 58. Rg1 Rd8 59. Rg6 Rf8 60. Rg7 Bc6 61. Re7 Kb5 62. Re6 Bxd5 63. exd5 a4 64. bxa4+ Kxa4 65. Kd3 Kb5 66. Rc6 Rd8 67. Ke4 b3 68. Rc7 Rd6 69. Rc1 Kb4 70. Rb1 Kc3 71. Rc1+ Kd2 72. Rc5 Rb6 73. d6 Rxd6 74. Rb5 Ke2 0-1

[Event "Oberliga NRW 0203 I"]
[Site "Germany"]
[Date "2002.11.10"]
[Round "2.7"]
[White "Krause, Klaus"]
[Black "Kramm, Olaf"]
[Result "1/2-1/2"]
[WhiteElo "1977"]
[BlackElo "1999"]
[PlyCount "35"]
[EventDate "2002.10.06"]
[EventType "team"]
[EventRounds "9"]
[EventCountry "GER"]
[SourceTitle "EXT 2004"]
[Source "ChessBase"]
[SourceDate "2003.11.25"]
[SourceVersion "1"]
[SourceVersionDate "2003.11.25"]
[SourceQuality "1"]
[WhiteTeam "Minden"]
[BlackTeam "Wiehl"]
[WhiteTeamCountry "GER"]
[BlackTeamCountry "GER"]

1. e4 g6 2. d4 Bg7 3. f4 c6 4. c3 d5 5. e5 h5 6. Be3 Nh6 7. Nf3 Bg4 8. Nbd2 Nf5 9. Bf2 Bxf3 10. Nxf3 e6 11. g3 Nd7 12. Qb3 Qb6 13. Bg2 Bf8 14. 0-0 Be7 15. Rfd1 Kf8 16. h3 Kg7 17. Bf1 c5 18. Qxb6 1/2-1/2